|
|
|
|
| LEADER |
00000nam0a2200000 4500 |
| 001 |
329181 |
| 005 |
20231102004133.0 |
| 035 |
|
|
|a (RuTPU)RU\TPU\book\354923
|
| 090 |
|
|
|a 329181
|
| 100 |
|
|
|a 20170309d1977 m y0rusy50 ca
|
| 101 |
0 |
|
|a rus
|
| 102 |
|
|
|a RU
|
| 105 |
|
|
|a a j 000zy
|
| 200 |
1 |
|
|a Организация и проведение производственной практики в вузе
|e [учебно-методическое пособие]
|f А. Е. Пантелеймонов
|
| 210 |
|
|
|a Москва
|c Высшая школа
|d 1977
|
| 215 |
|
|
|a 127 с.
|c ил.
|
| 606 |
1 |
|
|a Производственная практика студентов
|2 stltpush
|3 (RuTPU)RU\TPU\subj\51959
|9 70458
|
| 610 |
1 |
|
|a вузы
|
| 610 |
1 |
|
|a организация
|
| 610 |
1 |
|
|a проведение
|
| 610 |
1 |
|
|a подготовка специалистов
|
| 610 |
1 |
|
|a документы
|
| 610 |
1 |
|
|a подразделения
|
| 610 |
1 |
|
|a обязанности
|
| 610 |
1 |
|
|a общественно-политическая практика
|
| 610 |
1 |
|
|a подведение итогов
|
| 610 |
1 |
|
|a финансирование
|
| 610 |
1 |
|
|a учебно-методические пособия
|
| 686 |
|
|
|a Ч481.26я73
|v LBC/SL-A
|2 rubbk
|
| 700 |
|
1 |
|a Пантелеймонов
|b А. Е.
|g Александр Евгеньевич
|
| 801 |
|
1 |
|a RU
|b 63413507
|c 20170309
|
| 801 |
|
2 |
|a RU
|b 63413507
|c 20170313
|g RCR
|
| 942 |
|
|
|c BK
|